| 000 | 00908 a2200229 4500 | ||
|---|---|---|---|
| 020 | _a0143038257 | ||
| 040 |
_aDLC _bDLC |
||
| 100 | 1 | _aMortenson, Greg. | |
| 245 | 1 | 0 |
_aThree cups of tea: one man's mission to promote peace -- one school at a time _bone man's mission to promote peace -- one school at a time _cGreg Mortenson and David Oliver Relin. |
| 246 | 3 | _a3 cups of tea. | |
| 260 |
_aNew York : _bPenguin Books, _c2007. |
||
| 300 |
_a349 p., [16] p. of plates : _bill., maps ; _c22 cm. |
||
| 500 | _aOriginally published in the USA by Viking Penguin, 2006. | ||
| 500 | _aIncludes index. | ||
| 600 | 1 | 0 | _aMortenson, Greg. |
| 650 | 0 |
_aGirls' schools _zPakistan. |
|
| 650 | 0 |
_aGirls' schools _zAfghanistan. |
|
| 650 | 0 |
_aHumanitarian assistance, American _zPakistan. |
|
| 650 | 0 |
_aHumanitarian assistance, American _zAfghanistan. |
|
| 700 | 1 | _aRelin, David Oliver. | |
| 942 |
_cBK _k371.82209549 MOR _2ddc |
||
| 999 |
_c9787 _d9787 |
||